LEADER 01833nam 2200565 450 001 9910568246603321 005 20231201150000.0 010 $a3-030-96436-1 035 $a(MiAaPQ)EBC6977310 035 $a(Au-PeEL)EBL6977310 035 $a(CKB)22046317700041 035 $a(PPN)269155228 035 $a(EXLCZ)9922046317700041 100 $a20221129d2022 uy 0 101 0 $aeng 135 $aurcnu|||||||| 181 $ctxt$2rdacontent 182 $cc$2rdamedia 183 $acr$2rdacarrier 200 12$aA topology of mind $espiral thought patterns, the hyperlinking of text, ideas and more /$fRobert K. Logan and Izabella Pruska-Oldenhof 210 1$aCham, Switzerland :$cSpringer,$d[2022] 210 4$d©2022 215 $a1 online resource (255 pages) 225 0 $aMathematics in mind 311 08$aPrint version: Logan, Robert K. A Topology of Mind Cham : Springer International Publishing AG,c2022 9783030964351 320 $aIncludes bibliographical references (pages 239-245). 410 0$aMathematics in Mind 606 $aMathematics$xPhilosophy 606 $aPsycholinguistics 606 $aThought and thinking 606 $aFilosofia de la matemàtica$2thub 606 $aPensament$2thub 606 $aPsicolingüística$2thub 608 $aLlibres electrònics$2thub 615 0$aMathematics$xPhilosophy. 615 0$aPsycholinguistics. 615 0$aThought and thinking. 615 7$aFilosofia de la matemàtica 615 7$aPensament 615 7$aPsicolingüística 676 $a510.1 700 $aLogan$b Robert K.$f1939-$01099826 702 $aPruska-Oldenhof$b Izabella 801 0$bMiAaPQ 801 1$bMiAaPQ 801 2$bMiAaPQ 906 $aBOOK 912 $a9910568246603321 996 $aA topology of mind$92985311 997 $aUNINA LEADER 01532nam0 22003251i 450 001 UON00504213 005 20231205105428.505 010 $a978-14-05-12001-2 100 $a20201230d2006 |0itac50 ba 101 $aeng 102 $aUS 105 $a|||| 1|||| 200 1 $aˆA ‰concise companion to contemporary British fiction$fedited by James F. English 210 $aMalden$aOxford ; Victoria$cBlackwell$d2006 215 $axi, 281 p.$d23 cm 410 1$1001UON00261693$12001 $aBlackwell concise companions to literature and culture$1210 $aMalden$cBlackwell 606 $aLetteratura narrativa inglese$xSec. 20.-21.$xStudi$3UONC076742$2FI 620 $aGB$dOxford$3UONL000029 620 $aAU$dVictoria$3UONL000117 620 $aUS$dMalden (Mass.)$3UONL002005 676 $a823.91409$cNarrativa inglese, 1945-1999. Storia, descrizione, studi critici$v21 702 1$aEnglish$bJames F.$3UONV285203$4340 712 $aBlackwell$3UONV257126$4650 801 $aIT$bSOL$c20250606$gRICA 899 $aSIBA - SISTEMA BIBLIOTECARIO DI ATENEO$2UONSI 912 $aUON00504213 950 $aSIBA - SISTEMA BIBLIOTECARIO DI ATENEO$dSI Angl VI C 1128 $eSI 36824 5 1128 951 $aSIBA - SISTEMA BIBLIOTECARIO DI ATENEO$bSI2020517 1J 20201230 996 $aConcise Companion to Contemporary British Fiction$91763214 997 $aUNIOR LEADER 01389nam0 22003011i 450 001 UON00397418 005 20231205104641.154 010 $a978-90-272-1981-7 100 $a20110922d2007 |0itac50 ba 101 $aeng 102 $aNL 105 $a|||| ||||| 200 1 $aDiscourse in content and language integrated learning (CLIL) classrooms$fChristiane Dalton-Puffer 210 $aAmsterdam$aPhiladelphia$cJohn Benjamins$d2007 215 $aXII, 330 p.$d23 cm. 410 1$1001UON00265734$12001 $aLanguage Learning and Language Teaching$1210 $aAmsterdam$cPhiladelphia$cBenjamins$v20 606 $aLingue$xApprendimento$3UONC024515$2FI 620 $aUS$dPhiladelphia$3UONL000152 620 $aNL$dAmsterdam$3UONL001817 676 $a418$cUso standard (Linguistica prescrittiva). Linguistica applicata$v21 700 1$aDALTON-PUFFER$bChristiane$3UONV204708$0623108 712 $aJohn Benjamins Publishing Company$3UONV256739$4650 801 $aIT$bSOL$c20260213$gRICA 899 $aSIBA - SISTEMA BIBLIOTECARIO DI ATENEO E ARCHIVIO STORICO$2UONSI 912 $aUON00397418 950 $aSIBA - SISTEMA BIBLIOTECARIO DI ATENEO E ARCHIVIO STORICO$dSI 36 LL< 0020 $eSI DA 3992 5 0020 $sBuono 996 $aDiscourse in content and language integrated learning (CLIL) classrooms$91347589 997 $aUNIOR